[Event "FRA-ch U20"]
[Site "Agen"]
[Date "2022.04.17"]
[Round "1"]
[White "Gatineau, Yovann"]
[Black "Bernard, Thomas"]
[Result "1-0"]
[WhiteElo "2352"]
[BlackElo "1857"]
[PlyCount "37"]
[EventDate "2022.04.16"]
[EventType "swiss"]
[EventRounds "9"]
[EventCountry "FRA"]
[SourceTitle "EXT 2023"]
[Source "ChessBase"]
[SourceDate "2022.10.05"]
[SourceVersion "1"]
[SourceVersionDate "2022.10.05"]
[SourceQuality "1"]

1. e4 e6 2. d4 d5 3. e5 c5 4. c3 Nc6 5. Nf3 Nh6 6. Bd3 f6 7. exf6 Qxf6 8. Bg5 Qf7 9. 0-0 cxd4 10. c4 e5 11. cxd5 Qxd5 12. Nc3 Qf7 13. Re1 Ng4 14. Bb5 Bd7 15. Nxe5 Qxf2+ 16. Kh1 Ncxe5 17. Qxg4 Qf1+ 18. Bxf1 Bxg4 19. Rxe5+ 1-0

[Event "Saint Quentin op 1st"]
[Site "Saint Quentin"]
[Date "2019.07.12"]
[Round "9"]
[White "Bujisho, Benjamin"]
[Black "Bernard, Thomas"]
[Result "0-1"]
[WhiteElo "2326"]
[BlackElo "1697"]
[PlyCount "97"]
[EventDate "2019.07.06"]
[EventType "swiss"]
[EventRounds "9"]
[EventCountry "FRA"]
[SourceTitle "CBM 191 Extra"]
[Source "ChessBase"]
[SourceDate "2019.09.30"]
[SourceVersion "1"]
[SourceVersionDate "2019.09.30"]
[SourceQuality "1"]

1. g3 e6 2. Bg2 Nf6 3. d3 d5 4. e3 Bd6 5. Nd2 0-0 6. Ne2 Nbd7 7. 0-0 b6 8. b3 Bb7 9. Bb2 c5 10. a3 Qe7 11. h3 Rac8 12. Qb1 Bb8 13. Qa2 Rfd8 14. Rad1 h6 15. Qa1 Ba6 16. c4 dxc4 17. bxc4 Ne8 18. a4 Ndf6 19. Ne4 Nxe4 20. Bxe4 Nd6 21. Bg2 f6 22. Nf4 Bb7 23. e4 Nf7 24. Ng6 Qe8 25. h4 e5 26. f4 Nh8 27. Nxh8 Kxh8 28. fxe5 Bxe5 29. Bxe5 Qxe5 30. Qxe5 fxe5 31. Rf7 Ba6 32. Bh3 Bxc4 33. Rxa7 Rc6 34. h5 Bxd3 35. Rxd3 Rxd3 36. Ra8+ Kh7 37. Bf5+ g6 38. hxg6+ Rxg6 39. g4 Rg3+ 40. Kf2 R3xg4 41. Rb8 Rg2+ 42. Kf3 Kg7 43. Rb7+ Kf8 44. Bxg6 Rxg6 45. Rc7 Ke8 46. a5 bxa5 47. Rxc5 Ra6 48. Rxe5+ Kf7 49. Rf5+ 0-1